[Event "IMSA Blitz Men 2019"]
[Site "Hengshui"]
[Date "2019.05.17"]
[Round "1.1"]
[White "Andreikin, Dmitry"]
[Black "Le, Quang Liem"]
[Result "1/2-1/2"]
[WhiteElo "2722"]
[BlackElo "2704"]
[Annotator "TA"]
[PlyCount "110"]
[EventDate "2019.05.17"]
[EventType "blitz"]
[EventCountry "CHN"]
[SourceTitle "playchess.com"]
[Source "ChessBase"]
[SourceQuality "1"]

{[%evp 10,110,26,8,18,29,43,0,-2,-113,-26,-22,-20,-50,213,136,129,131,139,135,170,149,164,139,171,164,219,208,198,207,204,210,247,197,191,189,185,152,151,142,181,181,181,184,189,186,451,423,525,351,743,129,133,126,131,121,118,43,54,54,54,55,60,49,91,14,14,14,14,14,14,14,33,33,33,33,33,31,33,14,33,8,33,31,31,31,31,8,31,8,8,0,0,0,0,0,0,0,0,0,0,0,0]} 1. e4 c5 2. Nf3 Nc6 3. Nc3 e5 4. Bc4 Be7 5. d3 d6 6. Ng5 Nh6 {B30: Sicilian: 2...Nc6 3 Bb5, lines without ...g6} (6... Bxg5 7. Qh5 g6 8. Qxg5 Qxg5 9. Bxg5 Nd4 10. O-O-O Be6 11. Nd5 Kd7 12. c3 Nc6 13. h4 h6 14. Be3 {1-0 (44) Lu,S (2641)-Wan,Y (2486) Shenzhen 2017}) 7. Qh5 {[%cal Rg5f7]} O-O $1 8. Nd5 $146 ({Predecessor:} 8. h3 Nd4 9. Kd1 Be6 10. Bd5 Rb8 11. f4 exf4 12. Bxf4 b5 13. Nf3 b4 14. Ne2 Nxe2 15. Kxe2 {½-½ (34) Gosic,B (2310)-Ivanovic,N (2271) Belgrade 2003}) 8... Nd4 9. O-O (9. Nxe7+ $11 {keeps the balance.} Qxe7 10. Qd1) 9... b5 (9... Nxc2 $17 {Threatens to win with ...Bg4.} 10. Nf3 Bg4 11. Nxe7+ Qxe7) 10. Nxe7+ Qxe7 11. Bd5 Bb7 $2 {[%mdl 8192]} (11... Bg4 $15 {stays ahead.} 12. Qh4 Nxc2) 12. Bxb7 Qxb7 13. c3 $40 {[%mdl 128] White goes for the king.} Nc6 14. Nh3 f5 15. Bxh6 gxh6 16. Qxh6 Qe7 17. f4 Kh8 (17... Qf6 $142 18. Qxf6 Rxf6 19. fxe5 Nxe5) 18. fxe5 $18 Nxe5 19. exf5 {And now f6 would win.} Rf6 20. Qh4 Raf8 21. Nf4 Qf7 22. Ne6 Rg8 23. d4 Rxf5 24. dxe5 Qxe6 25. Rxf5 Qxf5 26. exd6 $16 {[%mdl 4096] Endgame aiming for Qe7. KQR-KQR} Qg6 {[%csl Gg8][%cal Rg6g2] [#]} 27. Qg3 $1 {[%cal Rg3e5]} Qf6 $2 (27... Qxg3 {keeps fighting.} 28. hxg3 Kg7) 28. Qd3 $18 (28. Rf1 Rxg3 29. Rxf6 Rd3 $18) 28... Qg5 {[%csl Gg8][%cal Rg5g2]} 29. g3 {Black must now prevent Re1.} Rd8 $2 (29... Qe5 30. Rd1 Rd8) 30. d7 $2 (30. Re1 $18 {is the precise move to win.}) 30... Qe7 $16 31. Rf1 ({But not} 31. Qxb5 $6 Qe3+ 32. Kh1 Qf3+ 33. Kg1 Qe3+ 34. Kh1 Qf3+ 35. Kg1 Qe3+ $11) 31... Rxd7 32. Qf3 ({Don't play} 32. Qxb5 $6 Qe3+ 33. Kh1 Qe4+ 34. Kg1 Qe3+ 35. Rf2 Rd1+ 36. Kg2 Qe4+ 37. Kh3 Qe6+ 38. Kg2 Qe4+ 39. Kh3 Qe6+ 40. Kg2 Qe4+ $11) 32... Rd8 33. Qf6+ ({White should try} 33. Rf2 $16) 33... Qxf6 $14 34. Rxf6 {KR-KR} a5 35. Rf5 Rd1+ 36. Kg2 b4 {[#]} 37. Rxc5 (37. cxb4 $1 $16 axb4 38. b3 (38. Rxc5 Rd2+ 39. Kf3 Rxb2 $14)) 37... Rd2+ $11 38. Kh3 Rxb2 39. cxb4 axb4 40. Ra5 b3 41. axb3 Rxb3 42. Kh4 Rb7 43. g4 Kg7 44. Kh5 Rc7 45. h4 Rb7 46. g5 Rc7 47. Ra6 Rb7 48. Ra4 Rc7 49. Kg4 h6 {The position is equal.} 50. Ra6 hxg5 51. hxg5 Rc1 52. Ra7+ Kg6 53. Ra6+ Kg7 54. Ra7+ Kg6 55. Ra6+ Kg7 {Accuracy: White = 55%, Black = 44%.} 1/2-1/2

[Event "IMSA Blitz Men 2019"]
[Site "Hengshui"]
[Date "2019.05.17"]
[Round "1.2"]
[White "Dominguez Perez, Leinier"]
[Black "Cheparinov, Ivan"]
[Result "1/2-1/2"]
[WhiteElo "2750"]
[BlackElo "2667"]
[Annotator "TA"]
[PlyCount "181"]
[EventDate "2019.05.17"]
[EventType "blitz"]
[EventCountry "CHN"]
[SourceTitle "playchess.com"]
[Source "ChessBase"]
[SourceQuality "1"]

{[%evp 9,181,12,13,15,15,13,15,20,25,16,27,23,24,18,15,10,12,5,1,18,20,0,0,0,0,0,0,-2,-10,-13,0,-11,0,0,0,0,0,-6,0,0,0,-3,0,0,5,0,16,0,13,13,33,0,0,0,0,0,0,0,0,0,0,0,0,0,0,0,0,0,0,0,0,0,24,0,11,1,21,29,21,22,58,0,0,0,31,-16,-18,-168,-58,-74,-71,-87,-91,-90,-24,-120,-53,-96,-91,-58,-80,-59,-58,-73,-56,-57,-29,-36,-34,-36,-8,-4,0,0,0,-5,0,0,0,0,0,-8,0,0,0,0,0,0,0,0,0,0,0,0,0,0,0,0,0,0,0,0,0,0,0,0,0,0,0,0,0,0,0,0,0,0,0,0,0,0,0,0,0,0,0,0,0,0,0,0,0,0,0,0]} 1. e4 c6 2. d4 d5 3. e5 c5 4. dxc5 e6 5. Nf3 Bxc5 6. Bd3 {B12: Caro-Kann: Advance Variation} Ne7 $146 (6... Nc6 7. a3 Nge7 8. b4 Bb6 9. O-O Ng6 10. Bb2 O-O 11. Re1 f6 12. exf6 gxf6 13. c4 dxc4 14. Bxc4 Qxd1 15. Rxd1 {½-½ (39) Karjakin,S (2753)-Adhiban,B (2683) Astana 2019}) ({Predecessor:} 6... Nc6 7. O-O Nge7 8. Nbd2 Bb6 9. Re1 Ng6 {½-½ (77) Suarez,M-De Homont,R (2323) ICCF email 2016}) 7. O-O Ng6 8. Nbd2 Nc6 9. Nb3 {Threatens to win with Bxg6.} Bb6 10. Re1 O-O 11. Be3 Bc7 12. Bc5 Ngxe5 13. Bxf8 Qxf8 14. Nxe5 Nxe5 15. Bxh7+ Kxh7 16. Rxe5 {[%mdl 64] [#] Decoy} Bxe5 17. Qh5+ {[%mdl 64] Double Attack} Kg8 18. Qxe5 Bd7 19. Rd1 Rc8 20. c3 b6 21. h3 f6 22. Qe3 Qf7 23. Qd3 Bc6 24. Nd4 Bd7 25. Nc2 Be8 26. Ne3 Qg6 27. Qd4 Bf7 28. Qb4 Be8 29. Qd6 Qf7 30. Rd4 Qd7 31. Qg3 Qc7 32. Qh4 Bg6 33. Qg4 Kf7 34. Qf3 Qe5 35. Qe2 Qc7 36. Qb5 Qc6 37. Qa6 Rc7 38. Qe2 Be4 39. Qh5+ Bg6 40. Qd1 Be4 41. Rd2 Bg6 42. h4 Qc5 43. h5 Be4 44. Qg4 Rc8 {[#]} 45. Qf4 (45. c4 $1 $14 {[%mdl 512]}) 45... Qc7 46. Qg4 Qe5 47. c4 d4 $36 {[%mdl 2048] Black is more active.} 48. Nf1 (48. f3 $11 Bxf3 49. Qxd4 Qxd4 50. Rxd4) 48... Rd8 (48... Rxc4 $19 {...Rc1 is the strong threat.} 49. Ng3 d3) 49. Ng3 Bh7 50. Qf3 Rd7 51. Re2 Qd6 ({Black should try} 51... Qg5 $17 {White must now prevent ...Qc1+.} 52. Qc6 Re7) 52. Rd2 (52. Ne4 $11 Qe5 53. Qg4) 52... d3 (52... Qb4 $17 53. Qc6 Ke7) 53. Qe3 Qd4 54. Qxd4 Rxd4 $17 {[%mdl 4096] Endgame KRB-KRN} 55. b3 e5 56. f3 f5 57. Kf2 f4 58. Nf1 Kf6 59. Rd1 Kg5 60. Nd2 {The position is equal.} a5 61. Re1 Kf6 62. a3 Bf5 63. b4 axb4 64. axb4 b5 65. Rc1 bxc4 66. Rxc4 Rd5 67. Rc6+ Kg5 68. Rc7 Kf6 69. Rc6+ Kg5 70. Rc7 Kh6 71. g4 fxg3+ 72. Kxg3 Rb5 73. Rc4 Kxh5 74. Kf2 Kg5 75. Ke3 Kf6 76. Ne4+ Bxe4 77. fxe4 $11 {KR-KR} g5 78. Kxd3 Rb6 79. Ke3 g4 80. Kf2 Kg5 81. Kg3 Ra6 {With the idea ...Ra3+.} 82. Rc3 Rb6 83. Rb3 Rb5 84. Rb2 Kh5 85. Rf2 Rxb4 86. Rf5+ {[%mdl 64] Double Attack} Kg6 87. Rxe5 Kf6 88. Rf5+ Ke6 89. Kxg4 Rxe4+ 90. Rf4 Rxf4+ 91. Kxf4 {Accuracy: White = 67%, Black = 57%.} 1/2-1/2

[Event "IMSA Blitz Men 2019"]
[Site "Hengshui"]
[Date "2019.05.17"]
[Round "1.2"]
[White "Rapport, Richard"]
[Black "Vidit, Santosh Gujrathi"]
[Result "1/2-1/2"]
[WhiteElo "2736"]
[BlackElo "2707"]
[Annotator "TA"]
[PlyCount "143"]
[EventDate "2019.05.17"]
[EventType "blitz"]
[EventCountry "CHN"]
[SourceTitle "playchess.com"]
[Source "ChessBase"]
[SourceQuality "1"]

{[%evp 9,142,0,0,0,0,0,8,0,1,0,12,0,10,-4,-2,-21,-20,-22,0,0,0,0,0,0,0,0,21,-3,15,0,27,27,76,56,71,72,99,56,92,88,108,104,112,108,85,64,60,68,62,36,67,53,43,52,186,40,47,-47,53,51,51,34,31,-11,77,29,44,31,40,36,49,85,74,72,161,77,67,25,26,16,73,0,0,0,45,49,52,0,0,0,0,0,0,0,0,0,8,8,8,8,8,8,8,8,8,8,8,8,8,0,0,0,0,0,0,0,0,0,0,0,0,0,0,0,0,0,0,0,0,0,0,0,0,0,0]} 1. b3 e5 2. Bb2 Nc6 3. c4 Nf6 4. Nf3 e4 5. Nd4 Bc5 6. Nf5 {A01: Nimzowitsch-Larsen Opening} O-O 7. e3 d5 8. cxd5 Nb4 (8... Nxd5 9. Qg4 $1 {[%mdl 512]} Qg5 10. Qxg5 Bd4 11. Bxd4 Nxd4 12. Qxg7#) (8... Qxd5 9. Ng3 Ne5 10. Nc3 Nd3+ 11. Bxd3 Qxd3 {½-½ (53) Rapport,R (2738)-Navara,D (2739) Prague 2019}) 9. Ng3 Nbxd5 ({Much worse is} 9... Qxd5 $6 10. Bxf6 gxf6 11. Nc3 $16) 10. Be2 $146 ({Predecessor:} 10. Nc3 Nxc3 11. Bxc3 Re8 {½-½ (27) Boehme,S (2538)-Firsching,G (2433) Remote email 2012}) 10... Re8 11. a3 Bd6 12. Qc2 Be5 13. Nc3 Nxc3 14. Bxc3 Bxc3 15. Qxc3 c6 16. O-O Be6 17. b4 Qd7 18. h3 Rad8 19. Rfd1 Nd5 20. Qc5 b6 21. Qc2 f5 22. Rac1 Rc8 23. d3 exd3 24. Bxd3 g6 25. Ba6 Rc7 26. Ne2 c5 27. Qb2 {Nf4 is the strong threat.} Qe7 {[%cal Rc5b4]} 28. Bc4 Nf6 29. bxc5 bxc5 30. Nf4 Bxc4 31. Rxc4 Rd8 ({Black should play} 31... Rec8 $14) 32. Rdc1 (32. Rxd8+ $18 Qxd8 33. Qb3) 32... Ne4 $14 33. f3 (33. R4c2 $14) 33... Nf6 (33... Nd2 $1 $15 34. R4c3 Rb7) 34. Qb3 Qf7 35. Qc2 Rdc8 36. h4 h6 (36... Nd7 $11) 37. Qf2 Nd5 38. Nd3 {[%cal Rc4c5]} Qe7 39. e4 fxe4 40. Rxe4 Qd6 41. Ne5 {aiming for Qd2.} Re7 {[#]} (41... Nf6 $16 42. Ree1 c4) 42. Nc4 (42. Nxg6 $1 $18 {[%mdl 512] has better winning chances.} Rxe4 (42... Qxg6 43. Rg4) 43. fxe4 Qxg6 44. exd5) 42... Qf6 $16 43. Rxe7 Nxe7 44. Nd2 Nf5 (44... Qd4 $11 {remains equal.}) 45. Ne4 (45. Rxc5 $16 Rxc5 46. Qxc5) 45... Qxh4 $11 46. Qa2+ Kg7 47. Qb2+ {[%mdl 1024] White has compensation.} Kg8 $1 48. Nf6+ ({White should try} 48. Qb7 $14 Rf8 49. Qd5+ (49. Rxc5 Qe1+ 50. Kh2 Qh4+ 51. Kg1 Qe1+ 52. Kh2 Qh4+ 53. Kg1 $11) 49... Rf7 50. Qxc5) 48... Kf7 {The position is equal.} 49. Ne4 Qe7 50. Re1 c4 51. Qc3 Qd8 52. g4 Qd4+ 53. Qxd4 Nxd4 {[%mdl 4096] Endgame KRN-KRN} 54. Nd6+ {[%mdl 64] Double Attack} Kf6 $132 {[%mdl 2048] Hoping for ...Rc6. Black puts up resistance} 55. Nxc8 Nxf3+ 56. Kf2 Nxe1 57. Kxe1 {KN-KP} a6 58. Nd6 Kg5 59. Nf7+ Kxg4 60. Nxh6+ {KN-K3P} Kf4 61. Kd2 {Strongly threatening Kc3.} g5 62. Kc3 g4 63. Nxg4 $1 Kxg4 64. Kxc4 {Intending Kb4 and mate. KP-KP} Kf5 65. Kc5 {Threatening mate with Kb6.} Ke6 66. Kb6 Kd7 67. Kxa6 {White threatens Kb7 and mate.} Kc8 (67... Kc6 {is more complex.} 68. Ka7 Kc7 69. Ka6 Kc6) 68. a4 {[%cal Ba3a4,Ba4a5,Ba5a6,Ba6a7][%mdl 32]} Kb8 69. a5 Ka8 70. Kb6 Kb8 71. a6 Ka8 72. a7 {Accuracy: White = 47%, Black = 49%.} 1/2-1/2

[Event "IMSA Blitz Men 2019"]
[Site "Hengshui"]
[Date "2019.05.17"]
[Round "1.2"]
[White "Wang, Hao"]
[Black "Korobov, Anton"]
[Result "1/2-1/2"]
[WhiteElo "2735"]
[BlackElo "2687"]
[Annotator "TA"]
[PlyCount "68"]
[EventDate "2019.05.17"]
[EventType "blitz"]
[EventCountry "CHN"]
[SourceTitle "playchess.com"]
[Source "ChessBase"]
[SourceQuality "1"]

{[%evp 10,68,18,12,36,17,22,22,23,18,28,17,9,12,27,21,16,17,57,12,26,6,1,16,12,8,18,15,14,0,0,0,0,-10,-10,-10,-10,-11,0,-15,-21,-22,0,0,0,0,0,0,0,0,0,0,0,0,0,0,0,0,0,0,0]} 1. e4 c5 2. Nf3 d6 3. Bb5+ Bd7 4. Bxd7+ Nxd7 5. O-O Ngf6 6. Qe2 Qc7 {B52: Sicilian: Moscow Variation with 3...Bd7} (6... e6 7. c3 Be7 8. d4 O-O 9. e5 dxe5 10. dxe5 Nd5 11. c4 Nb4 12. Nc3 Nc6 13. Rd1 a6 14. Bf4 Qc7 15. h4 Rfd8 16. h5 h6 17. b3 Nf8 18. Ne4 Rxd1+ 19. Rxd1 {½-½ (29) Meier,G (2628)-Aronian,L (2763) Karlsruhe/Baden Baden 2019}) 7. Rd1 Rc8 8. c4 Ne5 9. Nc3 e6 10. b3 Nxf3+ $146 ({Predecessor:} 10... a6 11. Bb2 Be7 12. d4 Nxf3+ 13. Qxf3 cxd4 14. Rxd4 {1-0 (38) Collins,S (2474)-Andreev,E (2460) Orlova 2015}) 11. Qxf3 Be7 12. d4 cxd4 13. Rxd4 {Hoping for Nb5.} O-O 14. Bb2 (14. Nb5 $5 {[%cal Rb5c7]} Qb6 15. Be3 $16) 14... a6 15. Rdd1 Rfd8 {The position is equal.} 16. Rac1 Nd7 17. Ne2 Bf6 18. Bxf6 Nxf6 19. h3 Qa5 20. a4 b5 21. axb5 axb5 22. Qd3 bxc4 23. Rxc4 Rb8 24. Rd4 d5 25. exd5 Nxd5 (25... Rxd5 {looks sharper.} 26. Qg3 Qa8 27. Rc1 h6 28. Ra4 Qb7) 26. Nf4 {[%cal Rf4d5]} h6 27. Nxd5 Rxd5 28. Rxd5 exd5 29. Qxd5 Qxd5 30. Rxd5 Rxb3 $11 {KR-KR} 31. Rd8+ Kh7 32. Rd7 Kg8 33. Rd8+ Kh7 34. Rd7 Kg8 {Accuracy: White = 61%, Black = 61%.} 1/2-1/2

[Event "IMSA Blitz Men 2019"]
[Site "Hengshui"]
[Date "2019.05.17"]
[Round "1.2"]
[White "Le, Quang Liem"]
[Black "Andreikin, Dmitry"]
[Result "0-1"]
[WhiteElo "2704"]
[BlackElo "2722"]
[Annotator "TA"]
[PlyCount "60"]
[EventDate "2019.05.17"]
[EventType "blitz"]
[EventCountry "CHN"]
[SourceTitle "playchess.com"]
[Source "ChessBase"]
[SourceQuality "1"]

{[%evp 9,60,10,18,10,7,6,18,20,23,27,35,14,17,-24,-19,-16,-20,-14,0,-16,-6,-60,-45,-68,-56,-133,-150,-430,-436,-427,-434,-510,-497,-597,-629,-820,-818,-1002,-805,-803,-803,-796,-733,-812,-810,-894,-859,-970,-897,-856,-797,-960,-950]} 1. e4 e5 2. Nf3 Nc6 3. Bb5 Nf6 4. d3 Bc5 5. O-O Nd4 6. Be3 {C65: Ruy Lopez: Berlin Defence (3...Nf6), unusual lines and 4 0-0 Bc5} O-O $146 ({Predecessor:} 6... Nxf3+ 7. Qxf3 Bxe3 8. Qxe3 c6 9. Bc4 O-O 10. Bb3 d6 11. Nd2 Re8 12. f4 Be6 13. Kh1 exf4 14. Qxf4 {0-1 (52) Sutovsky,E (2647)-Jakovenko,D (2735) Poikovsky 2018}) 7. Nxd4 exd4 8. Bg5 {e5 is the strong threat.The position is equal.} h6 9. Bh4 {Threatens to win with e5.} Be7 10. Nd2 d5 11. e5 Ng4 $36 {[%mdl 2048] Black has the initiative.} 12. Bg3 $1 {Hoping for h3.} c6 13. Ba4 {Black must now prevent h3.} h5 14. h3 Nh6 15. Qxh5 (15. Bb3 $11) 15... Qa5 $1 $15 {[%csl LRa4,LRd2][%mdl 64] [#] Double Attack} 16. Bf4 $1 Qxa4 17. Bxh6 gxh6 18. Qxh6 $2 (18. b3 $17 Qa6 19. Qxh6) 18... Qxc2 $19 {[%mdl 64] Double Attack. Black is clearly winning.} 19. Nb3 {intending Rad1.} Qxd3 20. Kh2 c5 21. Rac1 b6 22. Nxd4 cxd4 23. Rc7 Bd8 24. Rc6 Qh7 ({Worse is} 24... Qxf1 {[#]} 25. Rg6+ $1 {[%mdl 512]} fxg6 26. Qxg6+ Kh8 27. Qh6+ Kg8 28. Qg6+ Kh8 29. Qh6+ Kg8 30. Qg6+ $11) 25. Qf4 Be6 26. Rd1 Qe4 27. Qg3+ Kh7 28. f3 Qh4 29. Qxh4+ Bxh4 30. Rxd4 Bf2 {Accuracy: White = 38%, Black = 71%.} 0-1

[Event "IMSA Blitz Men 2019"]
[Site "Hengshui"]
[Date "2019.05.17"]
[Round "1.2"]
[White "Fedoseev, Vladimir"]
[Black "Yu, Yangyi"]
[Result "1/2-1/2"]
[WhiteElo "2683"]
[BlackElo "2739"]
[Annotator "TA"]
[PlyCount "97"]
[EventDate "2019.05.17"]
[EventType "blitz"]
[EventCountry "CHN"]
[SourceTitle "playchess.com"]
[Source "ChessBase"]
[SourceQuality "1"]

{[%evp 11,97,22,27,11,10,4,14,0,0,0,0,0,0,0,0,0,13,5,16,12,14,0,19,-84,9,7,13,13,13,5,32,34,41,0,0,0,50,37,56,58,47,56,94,46,45,18,24,12,23,14,37,40,33,0,0,0,0,0,0,0,0,0,0,0,0,0,0,0,0,0,0,0,0,0,0,0,-1,-7,0,0,0,0,0,0,0,0,0,0]} 1. e4 e5 2. Nf3 Nc6 3. Bb5 a6 4. Ba4 Nf6 5. d3 Bc5 6. Bxc6 dxc6 7. h3 {C77: Ruy Lopez: 3...a6 4 Ba4 Nf6, unusual lines} (7. O-O {keeps more tension.} Qd6 8. b3 O-O 9. Bb2 Nd7 10. a4) 7... O-O (7... Nd7 8. Nc3 O-O 9. Be3 Bb4 10. O-O Re8 11. Nd2 Nf8 12. a3 Bd6 13. Nc4 Ng6 14. Nxd6 cxd6 {½-½ (36) Grischuk,A (2737)-Aronian,L (2785) Doha 2016}) 8. O-O Re8 9. c3 $146 ({Predecessor:} 9. Nc3 Nd7 10. a4 Nf8 11. Be3 Bd6 12. Nd2 Ng6 13. Nc4 Be6 14. a5 Qh4 {½-½ (32) Fogarasi,T (2368)-Erdos,V (2585) Hungary 2017}) 9... Nd7 10. d4 Bd6 11. Qc2 f6 12. Nbd2 Qe7 13. Re1 Nf8 14. dxe5 fxe5 15. Nf1 h6 16. Ng3 Qf7 17. Be3 (17. Nh4 $11) 17... Be6 (17... Bxh3 $1 $17 18. Nh4 Be6) 18. Nf5 $11 Bxf5 19. exf5 e4 20. Nh4 Rad8 21. g4 Nd7 22. Qb3 Ne5 23. Kg2 Be7 24. Ng6 $1 {[%cal Rg6e5]} Nxg6 25. fxg6 Qxb3 26. axb3 Bd6 27. Ra4 Re6 28. Bc1 Rde8 29. h4 Rxg6 30. Rexe4 Rxe4 31. Rxe4 {[%mdl 4096] Endgame KRB-KRB} h5 32. g5 Kf7 {The position is equal.} 33. f4 {[#] f5 is the strong threat.} Re6 34. Kf3 $1 g6 35. Be3 a5 36. Ra4 b6 37. Rc4 c5 38. Ra4 Re8 39. Ra1 Ke6 40. Ke4 Kf7+ 41. Kf3 Ke6 42. Rd1 Ra8 43. Ra1 Kf5 44. Rd1 Ke6 45. Ra1 Kf5 46. Rd1 Ke6 47. Ra1 Kf5 48. Rd1 Ke6 49. Ke4 {Accuracy: White = 62%, Black = 64%.} 1/2-1/2

[Event "IMSA Blitz Men 2019"]
[Site "Hengshui"]
[Date "2019.05.17"]
[Round "1.2"]
[White "Gelfand, Boris"]
[Black "Bu, Xiangzhi"]
[Result "0-1"]
[WhiteElo "2676"]
[BlackElo "2729"]
[Annotator "TA"]
[PlyCount "104"]
[EventDate "2019.05.17"]
[EventType "blitz"]
[EventCountry "CHN"]
[SourceTitle "playchess.com"]
[Source "ChessBase"]
[SourceQuality "1"]

{[%evp 20,104,26,30,36,33,37,31,30,0,35,-10,21,0,46,37,56,65,77,54,60,50,65,18,65,8,16,19,23,0,8,-5,-5,-5,-13,-65,-68,-99,-89,-289,-314,-328,-266,-189,-139,-139,-152,-133,-130,-108,-102,-75,-87,-140,-155,-142,-151,-279,-268,-241,-32,-21,-16,-26,-22,-37,-58,-144,-137,-143,-143,-273,-144,-209,-166,-274,-295,-245,-274,-525,-565,-1917,-1905,-1758,-1697,-5708,-5700]} 1. d4 d5 2. c4 c6 3. Nf3 Nf6 4. Nc3 e6 5. Bg5 Nbd7 6. e3 Qa5 7. Nd2 dxc4 8. Bxf6 Nxf6 9. Nxc4 Qc7 10. Rc1 Be7 11. g3 O-O {D52: Queen's Gambit Declined: Cambridge Springs Variation} 12. Bg2 Bd7 (12... Rd8 13. O-O Nd5 14. Qb3 Nxc3 15. Qxc3 a5 16. Ne5 Bd7 17. Nxd7 Rxd7 18. f4 g6 19. h4 {½-½ (34) Abasov,N (2627)-Bu,X (2731) Astana 2019}) 13. O-O Rfd8 {White is slightly better.} 14. a3 a5 15. Qb3 Be8 (15... a4 $5 {[%cal Ra4b3]} 16. Qc2 c5 $11) 16. Rfd1 g6 $146 ({Predecessor:} 16... a4 17. Qc2 c5 18. d5 exd5 19. Nxd5 Nxd5 20. Bxd5 {1-0 (87) Kunte,A (2524)-Barua,D (2471) Pune 2006}) 17. Ne5 Kg7 18. Na4 Ra6 19. Nc5 Ra7 20. Ned3 Kg8 21. Bh3 Rd6 22. Nf4 (22. Na4 $14) 22... e5 23. dxe5 Rxd1+ 24. Rxd1 {aiming for Ncd3.} Qxe5 25. Na4 ({Avoid the trap} 25. Nxb7 $2 Qc7 $19) 25... b5 $36 {[%mdl 2048] White is under pressure.} 26. Nc3 b4 27. axb4 (27. Nb1 $1 $11) 27... axb4 $15 28. Nce2 c5 {...Ba4 is the strong threat.} 29. Rc1 $2 (29. Nd3 $17 Qb8 30. Qc2) 29... Bb5 $19 30. Qc2 Ra2 31. Rb1 Qe4 32. Qxe4 Nxe4 33. Nc1 Ra6 34. Nb3 Bc4 35. Bf1 Bxf1 36. Rxf1 (36. Kxf1 $142 c4 37. f3) 36... Ra2 $17 37. Rb1 c4 38. Nd5 (38. f3 $17 {was the only chance.}) 38... Bf8 ({Don't take} 38... cxb3 39. Nxe7+ Kg7 40. Nd5 $19) 39. f3 Ng5 $2 ({Better is} 39... cxb3 $19 40. fxe4 Bg7) 40. Nd4 $15 b3 {Strongly threatening ...Bc5.} 41. Nc3 Ra8 42. h4 Ne6 43. Nxe6 (43. Kf2 $15) 43... fxe6 {[%mdl 4096] Endgame KRB-KRN} 44. Kf2 {[#]} Bg7 $1 {[%cal Rg7c3] White must now prevent ...Bxc3.} 45. Rc1 {[#]} (45. Nd1 $17) 45... Kf7 ({Black should play} 45... Ra2 $1 $19 {[%mdl 512]} 46. Ke1 (46. Nxa2 Bxb2) 46... Rxb2) 46. Ke2 (46. Nd1 $17 {keeps fighting.}) 46... Ke7 47. Nd1 (47. Nb5 $142) 47... Ra4 $19 48. e4 Kd6 49. Nc3 $2 (49. g4 {was called for.}) 49... Bxc3 {Black is clearly winning.} 50. Rxc3 Kc5 51. Rc1 Ra2 52. Rb1 c3 {Accuracy: White = 17%, Black = 42%.} 0-1

[Event "IMSA Blitz Men 2019"]
[Site "Hengshui"]
[Date "2019.05.17"]
[Round "1.2"]
[White "Leko, Peter"]
[Black "Ponomariov, Ruslan"]
[Result "1-0"]
[WhiteElo "2674"]
[BlackElo "2675"]
[Annotator "TA"]
[PlyCount "51"]
[EventDate "2019.05.17"]
[EventType "blitz"]
[EventCountry "CHN"]
[SourceTitle "playchess.com"]
[Source "ChessBase"]
[SourceQuality "1"]

{[%evp 9,69,20,15,22,2,3,22,16,23,15,31,15,15,0,0,0,4,10,5,15,20,0,35,28,22,32,43,32,27,0,0,0,18,0,-19,-27,0,0,0,0,12,23,16,40,218,158,304,217,318,310,458,223,525,507,667,458,504,389,29987,-29990,29988,29989]} 1. e4 c6 2. d4 d5 3. e5 c5 4. Nf3 Nc6 (4... cxd4 5. Nxd4 e6 6. Nd2 Ne7 7. Bd3 Nec6 8. N2f3 Nxd4 9. Nxd4 Nc6 10. Nf3 Bc5 11. O-O h6 12. c3 a6 13. Re1 {1-0 (57) Jones,G (2682)-Indjic,A (2620) St Petersburg 2018}) 5. c4 cxd4 6. Nxd4 {B12: Caro-Kann: Advance Variation} e6 7. Nc3 Bb4 8. Nxc6 {The position is equal.} bxc6 9. Qa4 $146 ({Predecessor:} 9. cxd5 exd5 10. Qa4 {1-0 (32) Kroes,F (1935)-Halliday,L (1956) LSS email 2008}) 9... Qb6 10. cxd5 {aiming for Be3.} exd5 11. a3 Bxc3+ $1 12. bxc3 Ne7 13. Be2 O-O 14. O-O Qc7 15. f4 c5 16. Be3 Bf5 17. Bf3 Rfd8 18. Bf2 Rab8 19. Qd1 Rb2 20. Rc1 h6 21. Re1 {[#]} Be4 $1 {[%mdl 512]} 22. Bh4 (22. Bxe4 dxe4) 22... g5 23. fxg5 Nf5 $1 {[%cal Rf5h4]} 24. Bf2 hxg5 25. Bxe4 dxe4 26. Qh5 {Played: Qd1-g4} 1-0

[Event "IMSA Blitz Men 2019"]
[Site "Hengshui"]
[Date "2019.05.17"]
[Round "1.2"]
[White "Cheparinov, Ivan"]
[Black "Dominguez Perez, Leinier"]
[Result "1/2-1/2"]
[WhiteElo "2667"]
[BlackElo "2750"]
[Annotator "RC"]
[PlyCount "77"]
[EventDate "2019.05.17"]
[EventType "blitz"]
[EventCountry "CHN"]
[SourceTitle "playchess.com"]
[Source "ChessBase"]
[SourceQuality "1"]
[TimeControl "180+2"]

1. d4 {[%emt 0:00:00]} d5 {[%emt 0:00:00]} 2. Nf3 {[%emt 0:00:01]} Nf6 {[%emt 0:00:00]} 3. c4 {[%emt 0:00:01]} e6 {[%emt 0:00:01]} 4. g3 {[%emt 0:00:02]} Be7 {[%emt 0:00:02]} 5. Bg2 {[%emt 0:00:02]} O-O {[%emt 0:00:02]} 6. O-O dxc4 {[%emt 0:00:01]} 7. Qc2 {[%emt 0:00:03]} a6 {[%emt 0:00:01]} 8. a4 {[%emt 0:00:02]} Bd7 {[%emt 0:00:02]} 9. Qxc4 {[%emt 0:00:03]} Bc6 {[%emt 0:00:01]} 10. Bg5 {[%emt 0:00:02]} Nbd7 {[%emt 0:00:11]} 11. Nc3 {[%emt 0:00:17]} h6 {[%emt 0:00:01]} 12. Bxf6 {[%emt 0:00:09]} Nxf6 {[%emt 0:00:01]} 13. b4 {[%emt 0:00:08]} Bd5 {[%emt 0:00:02]} 14. Nxd5 {[%emt 0:00:02]} exd5 {[%emt 0:00:01]} 15. Qb3 {[%emt 0:00:03]} Bd6 {[%emt 0:00:01]} 16. e3 {[%emt 0:00:06]} Qe7 {[%emt 0:00:11]} 17. b5 {[%emt 0:00:04]} axb5 {[%emt 0:00:12]} 18. axb5 {[%emt 0:00:01]} g6 {[%emt 0:00:45]} 19. Ra2 {[%emt 0:00:08]} Qe6 {[%emt 0:00:29]} 20. Rfa1 {[%emt 0:00:09]} Rab8 {[%emt 0:00:05]} 21. Ra7 {[%emt 0:00:16]} h5 {[%emt 0:00:02]} 22. Rc1 {[%emt 0:00:12]} Kg7 {[%emt 0:00:07]} 23. Qb2 {[%emt 0:00:14]} Rfe8 {[%emt 0:00:11]} 24. Rc2 {[%emt 0:00:18]} Ng4 {[%emt 0:00:07]} 25. Qb3 {[%emt 0:00:06]} Nf6 {[%emt 0:00:20]} 26. Ra1 {[%emt 0:00:05]} Ra8 {[%emt 0:00:04]} 27. Rca2 {[%emt 0:00:03]} Rab8 {[%emt 0:00:02]} 28. Rc2 {[%emt 0:00:22]} Re7 {[%emt 0:00:04]} 29. Ra7 {[%emt 0:00:06]} b6 {[%emt 0:00:11]} 30. Rc6 {[%emt 0:00:05]} Qf5 {[%emt 0:00:03]} 31. Ra1 {[%emt 0:00:05]} Rbe8 {[%emt 0:00:04]} 32. Nh4 {[%emt 0:00:06]} Qe6 {[%emt 0:00:06]} 33. Ra2 {[%emt 0:00:09]} Ne4 {[%emt 0:00:08]} 34. Nf3 {[%emt 0:00:05]} Qf5 {[%emt 0:00:07]} 35. Nh4 {[%emt 0:00:05]} Qe6 {[%emt 0:00:01]} 36. Nf3 {[%emt 0:00:01]} Qf5 {[%emt 0:00:16]} 37. Nh4 {[%emt 0:00:03]} Qe6 {[%emt 0:00:04]} 38. Nf3 {[%emt 0:00:01]} Qf5 {[%emt 0:00:01]} 39. Nh4 {[%emt 0:00:05]} 1/2-1/2